LEADER 01935nam 22004813a 450 001 9910917294403321 005 20250203235901.0 010 $a9783035202618 010 $a3035202613 024 8 $a10.3726/978-3-0352-0261-8 035 $a(CKB)36719349100041 035 $a(ScCtBLL)796e7477-b747-4d58-bcc6-521148049ae7 035 $a(OCoLC)885122723 035 $a(EXLCZ)9936719349100041 100 $a20250203i20142020 uu 101 0 $afre 135 $aur||||||||||| 181 $ctxt$2rdacontent 182 $cc$2rdamedia 183 $acr$2rdacarrier 200 00$aMégare et les établissements mégariens de Sicile, de la Propontide et du Pont-Euxin. Histoire et institutions$fAdrian Robu 210 1$a[s.l.] :$cPeter Lang International Academic Publishers,$d2014. 215 $a1 online resource (1 p.) 311 08$a9781306932721 311 08$a1306932726 311 08$a9783034304610 311 08$a3034304617 330 $aThis book aims to offer a new interpretation of the settlement movement initiated by the city of Megara in archaic times. It shows the role of conflict between the aristocratic families for the departure of the Megarians and reveals the role of the heritage of the metropolis in the creation of institutions of colonial cities. 606 $aSocial Science / Archaeology$2bisacsh 606 $aLiterary Criticism / Ancient & Classical$2bisacsh 606 $aHistory / Ancient$2bisacsh 606 $aLiterature$xHistory and criticism 615 7$aSocial Science / Archaeology 615 7$aLiterary Criticism / Ancient & Classical 615 7$aHistory / Ancient 615 0$aLiterature$xHistory and criticism. 700 $aRobu$b Adrian$0864796 801 0$bScCtBLL 801 1$bScCtBLL 906 $aBOOK 912 $a9910917294403321 996 $aMe?gare et les e?tablissements me?gariens de Sicile, de la Propontide et du Pont-Euxin$91930311 997 $aUNINA